Des mots terminant en G, H ou J - Statistiques

Statistiques générales
  • Ce quiz a été pris 52 fois
  • Le résultat moyen est 41 sur 133
Statistiques - réponses
Définition
Nbre de
lettres
Initiale Mot % Correct
Blague 3 G Gag
95%
Hémoglobine 4 S Sang
82%
Bande 4 G Gang
80%
Désert 3 E Erg
77%
Journal informatique 4 B Blog
75%
Désert 3 R Reg
75%
Plantage 3 B Bug
73%
Lac écossais 4 L Loch
70%
Entraineur 5 C Coach
68%
Etendue d'eau 5 E Etang
68%
Repas 5 L Lunch
68%
Main fermée 5 P Poing
68%
Ferme américaine 5 R Ranch
64%
Bloc de glace 7 I Iceberg
59%
Sur les boeufs 4 J Joug
59%
Adhésif 6 S Scotch
59%
Chaussure 4 T Tong
59%
Accident 5 C Crash
55%
Poisson 6 H Hareng
55%
Brouillard 4 S Smog
55%
Bagne russe 6 G Goulag
52%
Boisson 4 G Grog
52%
Réunion 7 M Meeting
52%
Entre des cordes 4 R Ring
52%
Enlévement 10 K Kidnapping
50%
Coup d'Etat 6 p Putsch
50%
Jeu de quilles 7 B Bowling
48%
Repas 6 B Brunch
48%
Plat hongrois 8 G Goulasch
48%
Vêtement habillé 7 S Smoking
48%
Lieu de vacances 7 C Camping
45%
Bal 7 D Dancing
45%
Alcool 6 K Kirsch
45%
Effondrement 5 K Krach
45%
Instrument 4 L Luth
45%
Apéritif 5 P Punch
45%
Placement 4 R Rang
45%
Ressenti 7 F Feeling
41%
Lumière artificielle 5 F Flash
41%
Emploi du temps 8 P Planning
41%
Petite comédie 6 S Sketch
41%
Goth 8 W Wisigoth
41%
Immeuble 8 B Building
39%
Fruit 5 C Coing
39%
Cheval 7 M Mustang
39%
Goth 9 O Ostrogoth
39%
Gâteau 7 P Pudding
39%
Fait du bruit 4 G Gong
36%
Drogue 8 H Haschich
36%
Rencontre 5 M Match
36%
Prince hindou 5 R Rajah
36%
Discours 6 S Speech
36%
Algue 6 V Varech
36%
Pièce de rangement 8 D Dressing
34%
Attaque soudaine 4 R Rush
34%
Sommet 6 Z Zénith
34%
Chien 7 B Bulldog
32%
Danse 5 S Swing
32%
Ligne brisée 6 Z Zigzag
32%
Thé 10 D Darjeeling
30%
Sport 7 J Jogging
30%
Boucle 7 L Looping
30%
Teinturier 8 P Pressing
30%
Agenda 8 A Almanach
27%
Espèces 4 C Cash
27%
Ensemble de sociétés 7 H Holding
27%
Sport 7 R Rafting
27%
Vin 8 R Riesling
27%
Activité nautique 8 Y Yachting
27%
Ville 5 B Bourg
25%
Sport 5 C Catch
25%
Entrée de ville 8 F Faubourg
25%
Sport 7 F Footing
25%
Promeut les produits 9 M Marketing
25%
Emballage 9 P Packaging
25%
Encas 8 S Sandwich
25%
Botte 7 S Santiag
25%
Slip 6 S String
25%
Surréservation 10 S Surbooking
25%
Homme bleu 7 T Touareg
25%
Pélerinage 4 H Hadj
23%
Sport 7 K Karting
23%
Coussin 6 A Airbag
20%
Coiffure 8 B Brushing
20%
Arrivée 6 F Finish
20%
Magasinage 8 S Shopping
20%
Normand 6 V Viking
20%
Langue 7 Y Yiddish
20%
Savane 4 B Bush
18%
Argot 5 S Slang
18%
Bilan 10 D Débriefing
16%
Barbare 4 G Goth
16%
Seigneur indien 10 M Maharadjah
16%
Matériau 8 P Parpaing
16%
Bijou 8 P Piercing
16%
Savon 10 S Shampooing
16%
Jeune cheval 8 Y Yearling
16%
Epice 7 G Ginseng
14%
Animal 7 L Lemming
14%
Libéral anglais 4 W Whig
14%
Glissade 11 A Aquaplanning
11%
Métal 7 B Bismuth
11%
Soutien 8 C Coaching
11%
Géant 7 G Goliath
11%
Sport 7 J Jumping
11%
Animal 8 M Mammouth
11%
Adhésif 7 S Scratch
11%
Phase d'idéation 13 B Brainstorming
9%
Séjour 6 L Living
9%
Voiture lit 8 S Sleeping
9%
Echange 6 S Switch
9%
Prise de vue 10 T Travelling
9%
Apéritif 8 V Vermouth
9%
Indien 4 S Sikh
7%
Cépagne 5 S Sirah
7%
Nouveau venu 6 B Bizuth
5%
Animal 7 H Harfang
5%
Prière 7 K Kaddish
5%
Sport 9 B Bobsleigh
2%
Broderie 11 B Brandebourg
2%
Arme 8 B Browning
2%
Essais 7 C Casting
2%
Signature 11 C Contreseing
2%
Huile 6 C Coprah
2%
Religieux 6 M Mollah
2%
Religieux 9 A Ayatollah
0%
Forteresse 6 C Casbah
0%
Paysan 6 F Fellah
0%
Etat 7 L Listing
0%
Manteau 9 M Macintosh
0%
Ouverture 12 M Moucharabieh
0%
Jouet 7 P Poussah
0%
Héritier 10 T Tsarévitch
0%
Aucun quiz correspondant
Distribution des résultats
% des personnes avec chaque résultat
Percentile par nombre de réponses
Votre historique - résultats
Vous n’avez pas pris ce quiz